[Event "FRA"]
[Site "FRA"]
[Date "1993.??.??"]
[Round "?"]
[White "Beikert, Guenther"]
[Black "Peyrat, Olivier"]
[Result "0-1"]
[WhiteElo "2405"]
[BlackElo "2370"]

1.g3 d5 2.Nf3 c6 3.c4 Nf6 4.b3 Bg4 5.Ne5 Bh5 6.Bb2 Nbd7 7.Nxd7 Qxd7 8.d3 e6
9.Bg2 Bd6 10.O-O e5 11.cxd5 cxd5 12.d4 e4 13.Ba3 Rc8 14.Qd2 O-O 15.Bxd6 Qxd6
16.Nc3 Bg4 17.Rfc1 Qd7 18.Nd1 Qb5 19.Bf1 h6 20.Rxc8 Rxc8 21.Rc1 Rxc1 22.Qxc1 Qb4
23.Ne3 Be6 24.Qc7 Qxd4 25.Qxb7 Kh7 26.Ng2 Ng4 27.Ne3 Nxe3 28.fxe3 Qxe3+ 29.Kg2 g5
30.Qe7 Qd4 31.h4 gxh4 32.Qxh4 Qb2 33.g4 Qd2 34.Kg1 Qe3+ 35.Qf2 Qg5 36.Qxa7 Qxg4+
37.Kh1 Qh4+ 38.Kg1 Qg3+ 39.Kh1 e3 40.Qd4 Kg6 41.Qd3+ Kg5 42.Bg2 Qh4+ 43.Kg1 Qe1+
44.Kh2 Qh4+ 45.Kg1 d4 46.Be4 Qf2+ 47.Kh1 Kh4 48.Qxd4 Kh3  0-1

[Event "FRA"]
[Site "FRA"]
[Date "1993.??.??"]
[Round "?"]
[White "Roos, Daniel"]
[Black "Rausis, Igors"]
[Result "1/2-1/2"]
[WhiteElo "2410"]
[BlackElo "2560"]

1.Nf3 d5 2.g3 Bg4 3.Bg2 Nd7 4.c4 c6 5.cxd5 cxd5 6.O-O Ngf6 7.Nc3 e6 8.d3 Bc5
9.Bf4 O-O 10.Rc1 Rc8 11.Qb3 Qb6 12.Qxb6 Bxb6 13.h3 Bxf3 14.Bxf3 Rc6 15.e4 dxe4
16.dxe4 e5 17.Bd2 Rfc8 18.g4 h6 19.h4 Nc5 20.g5 hxg5 21.hxg5 Nd3 22.gxf6 Nxc1
23.Rxc1 Rxf6 24.Kg2 Rd6 25.Nd5 Rxc1 26.Bxc1 Bd4 27.b3 Kh7 28.Bd2 Rc6 29.Bd1 g6
30.b4 Kg7 31.Bb3 f6 32.Kf3 Rc8 33.Ke2 f5 34.Bg5 fxe4 35.Nf6 e3 36.fxe3 Bc3
37.b5 a6 38.bxa6 bxa6 39.Ne4 Bb2 40.Nd6 Rh8 41.Kf3 Rh5 42.Be7 Rh1 43.Ke4 Ba1
44.Kd5 Rf1 45.Bc4 Rf3 46.Bg5 a5 47.a4 Rf8 48.Bb5 Bc3 49.Ke6 Bb2 50.Bc6 Rf2
51.Bd8 Re2 52.Nc4 Bc3 53.e4 Rc2 54.Bf6+ Kh6 55.Bd5 Kh5 56.Nxe5 g5 57.Nd7 g4
58.Bxc3 Rxc3 59.e5 g3 60.Nf6+ Kh4 61.Kf7 Rc7+ 62.Kf8 Rc8+ 63.Kf7 Rc7+ 64.Kf8  1/2-1/2

[Event "Peer Gynt"]
[Site "Gausdal"]
[Date "1993.??.??"]
[Round "6"]
[White "Dannevig, Oystein"]
[Black "Johnsen, Sverre"]
[Result "0-1"]
[WhiteElo "2300"]
[BlackElo "2215"]

1.Nf3 d5 2.g3 Nc6 3.d4 Bg4 4.Bg2 e6 5.O-O Bd6 6.c4 Nf6 7.Nc3 dxc4 8.Qa4 O-O
9.Rd1 Nd5 10.Qxc4 Ndb4 11.e3 Qf6 12.Ne4 Qe7 13.a3 Nd5 14.b4 a6 15.Bb2 Rad8
16.h3 Bh5 17.Nc5 Bxc5 18.dxc5 Rd7 19.b5 axb5 20.Qxb5 Rb8 21.Rd2 Nf6 22.Rxd7 Nxd7
23.Rc1 f6 24.Nd2 Nd8 25.f4 b6 26.c6 Nc5 27.Bd4 Ra8 28.Rxc5 bxc5 29.Bxc5 Be2
30.Qb4 Qe8 31.Kf2 Ba6 32.Qa4 Nf7 33.g4 Qd8 34.Qa5 Bf1 35.Qb4 Bxg2 36.Kxg2 Qd5+
37.Nf3 Qxc6 38.h4 Nd6 39.Bxd6 Qxd6 40.Qb7 Rxa3 41.Qc8+ Kf7  0-1

[Event "Gausdal Int"]
[Site "Gausdal"]
[Date "1993.??.??"]
[Round "8"]
[White "Dannevig, Oystein"]
[Black "Lyrberg, Patrik"]
[Result "1/2-1/2"]
[WhiteElo "2300"]
[BlackElo "2420"]

1.Nf3 d5 2.g3 Nf6 3.Bg2 Bg4 4.O-O Nbd7 5.d3 c6 6.Nbd2 e6 7.e4 dxe4 8.dxe4 Qc7
9.Qe1 e5 10.h3 Bh5 11.a4 Be7 12.Nh4 O-O 13.Nf5 Bc5 14.a5 Rfe8 15.Nc4 b5 16.Nce3 Bf8
17.b4 Nb8 18.c4 bxc4 19.Nxc4 Na6 20.Bd2 Rab8 21.Rb1 Rb5 22.Na3 Rb7 23.Nc2 Reb8
24.f4 Nd7 25.Nfe3 f6 26.Rf2 c5 27.b5 Nb4 28.Nxb4 cxb4 29.b6 axb6 30.a6 Ra7
31.Nd5 Qc8 32.Bf1 b5 33.Bxb4 Qxa6 34.Bxf8 Nxf8 35.fxe5 fxe5  1/2-1/2

[Event "Oberliga Nord W9293"]
[Site "Germany"]
[Date "1993.??.??"]
[Round "?"]
[White "Clemens, Christian"]
[Black "Pape, Joerg"]
[Result "1-0"]
[WhiteElo "2380"]
[BlackElo "2310"]

1.g3 d5 2.Nf3 c5 3.Bg2 Nc6 4.d4 e6 5.O-O Nf6 6.c4 dxc4 7.Qa4 Qa5 8.Qxc4 Qb4
9.Qxb4 Nxb4 10.Nc3 Be7 11.dxc5 Bxc5 12.a3 Nbd5 13.Nxd5 Nxd5 14.Rd1 Bd7 15.Ne5 Ba4
16.Rd2 Bb3 17.Rd3 Bc2 18.Bxd5 exd5 19.Rxd5 Rc8 20.Bf4 Be4 21.Rd2 O-O 22.Rad1 Be7
23.f3 Bf5 24.e4 Be6 25.Be3 a6 26.Nd7 Rfd8 27.Nb6 Rxd2 28.Rxd2 Rc1+ 29.Kg2 Kf8
30.Nd5 Ke8 31.Bd4 f6 32.Bc3 Bd8 33.Nf4 Bf7 34.Nd3 Rb1 35.Nc5 Be7 36.Nxb7 Bxa3
37.Nd8 Bc5 38.Nxf7 Kxf7 39.Rd7+ Kg6 40.f4 h5 41.e5 a5 42.e6 Bb4 43.f5+ Kxf5
44.e7 Re1 45.Bxe1  1-0

[Event "Oberliga Ost B9293"]
[Site "Germany"]
[Date "1993.??.??"]
[Round "?"]
[White "Gmeiner, Peter"]
[Black "Balzar, Andreas"]
[Result "1/2-1/2"]
[WhiteElo "2230"]
[BlackElo "2330"]

1.Nf3 d5 2.g3 Nf6 3.Bg2 c6 4.O-O Bg4 5.d3 Nbd7 6.Nbd2 e5 7.e4 Bc5 8.c3 O-O
9.Qc2 Bb6 10.b4 Re8 11.Bb2 a5 12.a3 Qe7 13.Rae1 dxe4 14.dxe4 h6 15.Nc4 Bc7
16.Ne3 Be6 17.Nh4 Nb6 18.Nhf5 Qf8 19.Rd1 Nc4 20.Nxc4 Bxc4 21.Rfe1 a4 22.Qc1 Bb3
23.Rd2 b5 24.Bf1 g6 25.Nh4 Rad8 26.Rxd8 Rxd8 27.c4 Bb6 28.c5 Bc7 29.Nf3 Re8
30.Nd2 Be6 31.Qa1 Nd7 32.Nf3 f6 33.Nh4 Qf7 34.Qc1 Kh7 35.Qe3 Nf8 36.Bc1 Qg7
37.Rd1 Bc8 38.Be2 Rd8 39.Rxd8 Bxd8 40.Qd2 Bc7 41.Ng2 Ne6 42.Bb2 Ng5 43.f3 Qf7
44.Ne3 h5 45.Bc1 Ne6 46.Nc2 Kg8 47.Bb2 Ng5 48.Ne3 Be6 49.h4 Nh7 50.Bd1 Nf8
51.Bc2 Qe7 52.Bc3 Qd7 53.Qxd7 Nxd7 54.Kf2 Kf7 55.g4 Nf8 56.gxh5 gxh5 57.Nf5 Ng6
58.Bd2 Nf4 59.Bxf4 exf4 60.Nd4 Bd7 61.Ke2 Be5 62.Kd3 Ke8 63.Bb1 Bh3 64.Nxc6 Bb2
65.Ke2 Bxa3 66.Bd3 Bd7 67.Nd4 Bxb4 68.c6 Bc8 69.Bxb5 a3 70.c7+ Kf8 71.Bc4 Bd6
72.Nb5 Ke7 73.Na7 Kd7 74.Nxc8 Kxc8  1/2-1/2

[Event "Oberliga Nord O9293"]
[Site "Germany"]
[Date "1993.??.??"]
[Round "?"]
[White "Thiede, Lars"]
[Black "Brameyer, Hermann"]
[Result "0-1"]
[WhiteElo "2280"]
[BlackElo "2285"]

1.Nf3 d5 2.g3 c5 3.Bg2 Nc6 4.O-O Nf6 5.d3 Bg4 6.c4 e6 7.Qa4 Qd7 8.cxd5 exd5
9.Bg5 Be7 10.Nc3 Be6 11.Rac1 O-O 12.a3 a6 13.e4 b5 14.Qc2 dxe4 15.dxe4 Rac8
16.Rfd1 Qa7 17.Nd5 Nxd5 18.exd5 Nd4 19.Nxd4 cxd4 20.Qd2 Bxg5 21.Qxg5 h6 22.Qf4 Bd7
23.h4 Rxc1 24.Rxc1 Rc8 25.Rd1 Rc2 26.Rxd4 Rxb2 27.d6 Rb1+ 28.Kh2 Re1 29.Bd5 Be8
30.Bf3 Bd7 31.Kg2 Qc5 32.Rd5 Qc1 33.Qxc1 Rxc1 34.g4 Rc3 35.Be4 Rxa3 36.Bf5 Bc6
37.d7  0-1

[Event "Oberliga Nord N9293"]
[Site "Germany"]
[Date "1993.??.??"]
[Round "?"]
[White "Junge, Kai"]
[Black "Storm, Roland"]
[Result "0-1"]
[WhiteElo "2265"]
[BlackElo "2300"]

1.Nf3 d5 2.g3 c6 3.Bg2 g6 4.d4 Bg7 5.O-O Nf6 6.c4 O-O 7.cxd5 cxd5 8.Nc3 Nc6
9.Ne5 Bf5 10.Nxc6 bxc6 11.Na4 Nd7 12.Bf4 Qa5 13.a3 Rac8 14.b4 Qb5 15.Rc1 Bxd4
16.Qxd4 Qxa4 17.Bh6 e5 18.Qh4 Rfe8 19.e4 Be6 20.Rc5 Qxa3 21.exd5 cxd5 22.Ra5 Qb3
23.Rxa7 Rc4 24.Qg5 f6 25.Qd2 Rd4 26.Qc1 Qxb4 27.Qc6 Qb6 28.Qxb6 Nxb6 29.Rb1 Nd7
30.h4 Kf7 31.Rbb7 Ke7 32.Kh2 Rc8 33.Be3 Rd1 34.Bf3 Rd3 35.Bg2 Rc2 36.Bb6 Rdd2
37.Bh3 f5 38.Bf1 d4 39.Kg1 Rd1 40.Rc7 Rxc7 41.Rxc7 d3  0-1

[Event "NRW-Liga I 9293"]
[Site "Germany"]
[Date "1993.??.??"]
[Round "?"]
[White "Morawietz, Dieter"]
[Black "Kreutzkamp, Reinhold"]
[Result "1/2-1/2"]
[WhiteElo "2385"]
[BlackElo "2250"]

1.Nf3 d5 2.g3 c6 3.Bg2 Bg4 4.d3 Nf6 5.O-O e6 6.Be3 Nbd7 7.c4 Bc5 8.Bxc5 Nxc5
9.Nbd2 O-O 10.Rc1 Qb6 11.Rc2 Ncd7 12.Qc1 Rfb8 13.Nb3 dxc4 14.dxc4 Bxf3 15.exf3 Rd8
16.f4 Nc5 17.Nxc5 Qxc5 18.Rd1 Qa5 19.Rcd2 Rxd2 20.Qxd2 Qxd2 21.Rxd2 a5 22.Rd3 Kf8
23.Kf1 Ke7 24.Rb3 Ra7 25.Rd3 Ra6 26.Rb3 Ra7 27.Rd3  1/2-1/2

[Event "NRW-Liga II 9293"]
[Site "Germany"]
[Date "1993.??.??"]
[Round "?"]
[White "Seegers, Hendrik"]
[Black "Huelsmann, Josef"]
[Result "0-1"]
[WhiteElo "2315"]
[BlackElo "2225"]

1.Nf3 d5 2.g3 c6 3.Bg2 Bg4 4.O-O Nd7 5.d3 Ngf6 6.Nbd2 e6 7.c4 Bd6 8.a3 a5
9.Rb1 Qe7 10.h3 Bh5 11.Nd4 O-O 12.Qe1 Bc5 13.Nc2 a4 14.b4 axb3 15.Rxb3 Ra7
16.d4 Bd6 17.e4 dxe4 18.Nxe4 Nxe4 19.Bxe4 Bg6 20.Bxg6 hxg6 21.Qe4 e5 22.Re1 Qe6
23.Qd3 Qxh3 24.dxe5 Nc5 25.Qe3 Re8 26.Rc3 Rxe5 27.Qf3 Ne6 28.Rxe5 Bxe5 29.Rd3 Bf6
30.Bd2 Ra4 31.Ne3 Nd4 32.Qd1 Ra8 33.Bb4 Rd8 34.Ng2 g5 35.Ba5 Ra8 36.Bc3 c5
37.a4 Qd7 38.a5 Qc6 39.Qg4 Re8 40.Kf1 Re4 41.Qh5 Nf5 42.Qf3 Nd4 43.Qh5 g6
44.Qd1 Kg7 45.Bxd4 cxd4 46.Qb3 Re8 47.Rd1 Rh8 48.Kg1 Rc8 49.Rc1 Ra8 50.Qb4 Qc7
51.Ra1 Ra6 52.Ne1 Rc6 53.Ra4 Be7 54.Qb3 Rc5 55.Nd3 Rf5 56.Qb2 Bf6 57.Qb6 Qd7
58.Rb4 Rf3 59.Ne1 Ra3 60.Qxb7 Qxb7 61.Rxb7 Ra1 62.Kg2 Rxe1 63.a6 Ra1 64.a7 d3
65.Rd7 d2 66.Kf3 Rxa7 67.Rxd2 Rc7 68.Rc2 Rc5 69.Ke4 Be7 70.Kd4 g4 71.Re2 Rc7
72.Kd5 Bc5 73.Ra2 Ba7 74.Kd6 Bb8 75.Ra8 Rb7+ 76.Kc6 Rb2 77.c5 Be5 78.Kd5 Bf6
79.c6 Rxf2 80.Ra6 Rd2+ 81.Ke4 Rd4+ 82.Ke3 Rc4 83.Kd3 Rc3+ 84.Ke4 Rxg3  0-1

[Event "NRW-Liga II 9293"]
[Site "Germany"]
[Date "1993.??.??"]
[Round "?"]
[White "Van der Veen, Heinz"]
[Black "Huelsmann, Josef"]
[Result "0-1"]
[WhiteElo "2225"]
[BlackElo "2225"]

1.Nf3 d5 2.g3 c6 3.Bg2 Bg4 4.O-O Nd7 5.d3 Ngf6 6.Nbd2 e5 7.e4 dxe4 8.dxe4 Bc5
9.Qe1 b5 10.Nb3 Bb6 11.Qc3 Qc7 12.Nh4 O-O 13.a4 bxa4 14.Rxa4 Be2 15.Re1 Bb5
16.Ra1 Ng4 17.Be3 Nxe3 18.fxe3 a5 19.Nd2 Bc5 20.Qb3 a4 21.Qc3 Qa7 22.Nf5 Rfe8
23.b4 Bf8 24.Nc4 Bxc4 25.Qxc4 g6 26.Nh4 c5 27.b5 Nb6 28.Qa2 c4 29.Bf1 Rac8
30.Nf3 Qa5 31.Rab1 Rc5 32.Qb2 Qa8 33.Bg2 c3 34.Qa2 Bh6 35.Rb4 Qa5 36.Reb1 Bxe3+
37.Kh1 Rc7 38.Ne1 Bc5 39.Nd3 Bxb4 40.Rxb4 Rd8 41.Rb1 Rxd3 42.cxd3 c2 43.Rc1 Qd2
44.Qa1 Rc3 45.Bf1 a3 46.h4 a2 47.h5 Qxc1  0-1

[Event "BL2-S9293"]
[Site "Germany"]
[Date "1993.??.??"]
[Round "?"]
[White "Janoschka, Arnd"]
[Black "Raupp, Thomas"]
[Result "1/2-1/2"]
[WhiteElo "2200"]
[BlackElo "2330"]

1.Nf3 d5 2.g3 c5 3.c4 e6 4.Bg2 Nf6 5.O-O Nc6 6.cxd5 exd5 7.d4 Be7 8.Nc3 O-O
9.dxc5 Bxc5 10.Na4 Be7 11.Be3 Re8 12.Rc1 Bg4 13.Nc5 Bxc5 14.Rxc5 h6 15.Re1 Qd7
16.Nd4 Bh3 17.Nxc6 Bxg2 18.Kxg2 bxc6 19.Qa4 Rac8 20.Rec1 Re4 21.Bd4 Rxe2
22.Rxc6 Rce8 23.Bxf6 gxf6 24.Qd4 Qf5 25.Rxf6 Qe4+ 26.Qxe4 dxe4 27.Rc7 e3
28.Kf1 Rxb2 29.fxe3 Rxa2 30.Rfxf7 Rxe3 31.Rxa7 Rxa7 32.Rxa7 Rb3 33.Kg2 Rb2+
34.Kh3 Kh8 35.Rc7 Ra2 36.Re7 Rb2 37.Rf7 Ra2 38.Rc7 Rb2 39.Ra7 Rc2 40.Re7 Rb2
41.Rf7 Ra2 42.Rc7 Rb2 43.Re7 Kg8 44.g4 Ra2 45.Kg3 Rb2 46.h4 Rb4 47.Kf3 h5  1/2-1/2

[Event "Bundesliga 9293"]
[Site "Germany"]
[Date "1993.??.??"]
[Round "?"]
[White "Geveke, Michael"]
[Black "Kalka, Arkadius Georg"]
[Result "1-0"]
[WhiteElo "2320"]
[BlackElo "2400"]

1.Nf3 d5 2.g3 c6 3.Bg2 Bg4 4.d3 Nd7 5.Nbd2 e6 6.h3 Bh5 7.O-O Bd6 8.e4 Ne7
9.Qe1 O-O 10.Kh1 Kh8 11.a3 c5 12.Ng1 f6 13.f4 Bf7 14.Ndf3 Rc8 15.Ne2 c4 16.Ned4 cxd3
17.e5 Bb8 18.cxd3 fxe5 19.fxe5 Nc6 20.Nxc6 bxc6 21.Bf4 Bg6 22.Rd1 Qe7 23.Bg5 Qe8
24.Qe3 c5 25.Rd2 d4 26.Qe2 Nb6 27.Nh4 Bf7 28.Bf4 Qe7 29.Nf3 h6 30.Rdd1 Nd5
31.Bc1 Qd7 32.Nh4 Ne7 33.Nf3 Nf5 34.Kh2 Bg6 35.g4 Ne7 36.Nh4 Bh7 37.g5 Qc7
38.Rde1 Rxf1 39.Bxf1 Nc6 40.Bf4 hxg5 41.Bxg5 Qxe5+ 42.Qxe5 Bxe5+ 43.Kg1 Bf6
44.Bxf6 gxf6 45.Rxe6 Ne5 46.Re7 Bxd3 47.Bxd3 Nxd3 48.Ng6+ Kg8 49.Rxa7 Rb8
50.b4 c4 51.Ne7+ Kf8 52.Nc6 c3 53.Nxd4 Nxb4 54.axb4 Rxb4 55.Ne6+ Kg8 56.Rg7+ Kh8
57.Rc7 Rb3 58.Nf4 Kg8 59.Kg2 Rb2+ 60.Kf3 c2 61.Kg4  1-0

[Event "Bundesliga 9293"]
[Site "Germany"]
[Date "1993.??.??"]
[Round "?"]
[White "Hickl, Joerg"]
[Black "Borik, Otto"]
[Result "1-0"]
[WhiteElo "2540"]
[BlackElo "2390"]

1.g3 d5 2.Nf3 Nc6 3.c4 d4 4.Bg2 e5 5.O-O a5 6.e3 Nf6 7.exd4 exd4 8.d3 Be7
9.Na3 O-O 10.Bf4 Nb4 11.Nb5 c6 12.Bc7 Qe8 13.Nbxd4 Qd7 14.Bf4 Rd8 15.a3 Na6
16.Qe2 Bc5 17.Be3 Ng4 18.Rad1 Nxe3 19.fxe3 Re8 20.Nc2 Qe7 21.d4 Bd6 22.Nd2 Bc7
23.Rf2 Qg5 24.Rdf1 Bg4 25.Qd3 f6 26.Qb3 Rab8 27.Nf3 Qh5 28.Nfe1 Qf7 29.Qc3 Be6
30.c5 Bd5 31.Bxd5 Qxd5 32.Rf5 Qe6 33.Qd3 Rbd8 34.Ng2 Rd5 35.Rxd5 Qxd5 36.Rf5 Qa2
37.b3 a4 38.bxa4 Ba5 39.Nh4 Qf7 40.Rf1 g6 41.Rb1 f5 42.Qb3 Rb8 43.Nf3 Qxb3
44.Rxb3 Kf7 45.Kf2 Ke6 46.Ke2 Nc7 47.Ne5 Kd5 48.Kd3 Ne6 49.Nd7  1-0

[Event "Bundesliga 9293"]
[Site "Germany"]
[Date "1993.??.??"]
[Round "?"]
[White "Hickl, Joerg"]
[Black "Thesing, Matthias"]
[Result "1-0"]
[WhiteElo "2540"]
[BlackElo "2385"]

1.g3 d5 2.Nf3 Nf6 3.Bg2 g6 4.b3 Bg7 5.Bb2 c5 6.c4 d4 7.b4 O-O 8.O-O Nfd7
9.a3 Nc6 10.d3 Qc7 11.Nbd2 b6 12.Nxd4 cxd4 13.b5 Bb7 14.bxc6 Bxc6 15.Bxc6 Qxc6
16.a4 Nc5 17.Qc2 Rac8 18.Nb3 Qd7 19.Nd2 Rfe8 20.a5 b5 21.cxb5 Qxb5 22.Rfb1 Qd7
23.Nc4 e5 24.Ba3 e4 25.Bxc5 Rxc5 26.Qa4 Qe6 27.Nd6 Rf8 28.Nxe4 Rh5 29.Rb5 Rxb5
30.Qxb5 h6 31.Rc1 f5 32.Nc5 Qxe2 33.Qc4+ Kh8 34.Ne6  1-0

[Event "Bundesliga 9293"]
[Site "Germany"]
[Date "1993.??.??"]
[Round "?"]
[White "Podzielny, Karl Heinz"]
[Black "Dokhoian, Yury"]
[Result "1/2-1/2"]
[WhiteElo "2435"]
[BlackElo "2505"]

1.Nf3 d5 2.g3 c5 3.Bg2 Nc6 4.O-O e5 5.d3 Be7 6.Na3 Bf6 7.e4 d4 8.c3 Nge7
9.cxd4 cxd4 10.Bd2 Ng6 11.h4 Nf8 12.h5 Bg4 13.h6 Qd7 14.Rc1 Ng6 15.Rc5 O-O
16.Qa4 Kh8 17.Rfc1 gxh6 18.Rd5 Qe6 19.Nb5 Bxf3 20.Bxf3 Bg5 21.Qd1 Rad8 22.Nc7 Qe7
23.Rxd8 Rxd8 24.Nd5 Qd6 25.Rc4 Nge7 26.Be1 b5 27.Rc2 Nxd5 28.exd5 Ne7 29.Ba5 Rd7
30.Rc6 Nxc6 31.dxc6 Bd8 32.cxd7 Bxa5 33.Bg4 Qg6 34.Qf3 Kg7 35.b4 Bb6 36.Bf5 Qd6
37.a3 Bd8 38.Qg4+ Kh8 39.Be4 Qf6 40.Kg2 Qg5 41.Qf3 Kg7 42.Bf5 h5 43.Qe4 h4
44.Qxe5+ Qf6 45.Qxb5 hxg3 46.fxg3 h5 47.Kf3 h4 48.gxh4 Qe7 49.Be4 Qxh4 50.Ke2 Qh2+
51.Kd1 Bf6 52.Qd5 Qc7 53.a4 Kf8 54.Qa8+ Kg7 55.Qc8 Qd6 56.a5 Bg5 57.Qc5 Qxc5
58.bxc5 Bd8 59.a6 Kf6 60.Kc2 Ke6 61.c6 Kd6  1/2-1/2

[Event "Bundesliga 9293"]
[Site "Germany"]
[Date "1993.??.??"]
[Round "?"]
[White "Ruf, Matthias"]
[Black "Mudelsee, Manfred"]
[Result "0-1"]
[WhiteElo "2425"]
[BlackElo "2255"]

1.Nf3 d5 2.g3 g6 3.Bg2 Bg7 4.O-O Nf6 5.d4 O-O 6.c4 Nc6 7.cxd5 Nxd5 8.e4 Nb6
9.d5 Na5 10.Na3 e6 11.Qd2 Nac4 12.Nxc4 Nxc4 13.Qb4 exd5 14.exd5 Nb6 15.Rd1 Nxd5
16.Qb3 c6 17.Be3 Qa5 18.Bd4 Re8 19.Bxg7 Kxg7 20.Nd4 Bg4 21.Rdc1 Qd2 22.Nf3 Qb4
23.Qxb4 Nxb4 24.Rc4 Bxf3 25.Bxf3 Nd3 26.Rc3 Rad8 27.Rb3 Ne1 28.Bg4 Nc2 29.Rf1 b6
30.Rc3 Nd4 31.Rc4 Re4  0-1

[Event "Bundesliga 9293"]
[Site "Germany"]
[Date "1993.??.??"]
[Round "?"]
[White "Schirm, Friedmar"]
[Black "Schmidt, Bodo"]
[Result "1-0"]
[WhiteElo "2340"]
[BlackElo "2340"]

1.Nf3 d5 2.g3 c6 3.Bg2 Bg4 4.O-O Nd7 5.d4 e6 6.b3 Ngf6 7.c4 Be7 8.Nc3 O-O
9.Bb2 h6 10.Re1 Bf5 11.Nd2 Bb4 12.a3 Bxc3 13.Bxc3 b5 14.e4 dxe4 15.Nxe4 Nxe4
16.Bxe4 Bxe4 17.Rxe4 Nb6 18.Qe2 Qc8 19.Rg4 bxc4 20.bxc4 f6 21.Re1 Re8 22.Re4 Kf7
23.Qh5+ Kg8 24.Rg4 Qd7 25.Qxh6 e5 26.Qg6 Nxc4 27.Rh4 exd4 28.Qh7+ Kf7 29.Rxe8 Rxe8
30.Qh5+ Kf8 31.Rxd4 Qe6 32.Bb4+ Kg8 33.Rxc4 Rd8 34.Rc1 a5 35.Qxa5 Rd5 36.Qb6 Qe4
37.Re1 Qc2 38.Qe3 c5 39.Qe6+  1-0

[Event "Bundesliga 9293"]
[Site "Germany"]
[Date "1993.??.??"]
[Round "?"]
[White "Schmidt, Bodo"]
[Black "Thinius, Marco"]
[Result "1/2-1/2"]
[WhiteElo "2340"]
[BlackElo "2310"]

1.Nf3 d5 2.g3 c6 3.Bg2 Bg4 4.O-O Nd7 5.d4 e6 6.b3 f5 7.c4 Bxf3 8.exf3 Kf7
9.Re1 Bb4 10.Re2 Qf6 11.Ba3 Bxa3 12.Nxa3 Ne7 13.Qd2 Rhd8 14.Rae1 Nf8 15.c5 g5
16.f4 g4 17.Nc2 Re8 18.b4 Neg6 19.a4 a6 20.Qd3 Qd8 21.Ne3 Qd7 22.Rb2 Ne7
23.h3 gxh3 24.Bxh3 Nfg6 25.b5 axb5 26.axb5 Rg8 27.Kf1 Ra4 28.Reb1 Rb8 29.Qd1 Ra5
30.bxc6 Nxc6 31.Kg1 Kg8 32.Nc2 Qg7 33.Bg2 Ra4 34.Nb4 Rxb4 35.Rxb4 Nxb4 36.Rxb4 Rc8
37.Qa1 Nf8 38.Qa7 Rc7 39.Bf3 Qe7 40.Qb8 Kg7 41.Rb6 Rd7 42.Be2 Qf7 43.Bb5 Re7
44.Qd8 Ng6 45.Rd6 Nf8 46.Kf1 h6 47.Ke1 Nh7 48.Rd7 Rxd7 49.Bxd7 Nf6 50.Bc8 Qh5
51.Qe7+ Kg6 52.Qxe6 Qh1+ 53.Ke2 Qb1 54.Bd7 Qb2+ 55.Kf1 Qxd4 56.Qxf5+ Kg7
57.Be6 Qxc5 58.g4 Qc4+ 59.Kg2 Qe4+ 60.Qxe4 dxe4 61.Kg3 b5 62.f5 Kf8 63.Kf4 Ke7
64.Bc8 b4 65.Be6 Kd6 66.Ba2 Ke7 67.Bb3 Kd6 68.Ba2 Ke7 69.Bc4 Kd7 70.Ba2 Ke7  1/2-1/2

[Event "Bundesliga 9293"]
[Site "Germany"]
[Date "1993.??.??"]
[Round "?"]
[White "Seul, Georg"]
[Black "Dobrovolsky, Ladislav"]
[Result "1-0"]
[WhiteElo "2415"]
[BlackElo "2405"]

1.Nf3 d5 2.g3 Nf6 3.Bg2 e6 4.O-O Be7 5.c4 O-O 6.d4 Nbd7 7.Qc2 c6 8.b3 b6
9.Bb2 Bb7 10.Nc3 c5 11.cxd5 Nxd5 12.Nxd5 Bxd5 13.e4 Bb7 14.d5 exd5 15.exd5 Bf6
16.Rad1 Re8 17.d6 Rb8 18.Rfe1 h6 19.Bc3 Rxe1+ 20.Rxe1 b5 21.Rd1 Ba8 22.Qd2 b4
23.Bb2 a5 24.Qc2 Rb6 25.Qe2 Rb8 26.Bxf6 Qxf6 27.Qe7 Bxf3 28.Qxf6 Nxf6 29.Bxf3 Rd8
30.Rc1 Rxd6 31.Rxc5 Ra6 32.Rc8+ Kh7 33.Rb8 Ra7 34.Kf1 g5 35.Rb6 Kg7 36.Rb5 Ne8
37.Ke2 Nd6 38.Rd5 Ne8 39.Kd3 a4 40.Rb5 axb3 41.axb3 Ra2 42.Ke3 Nd6 43.Rd5 Ra6
44.Be2 Rc6 45.Kd4 Kf6 46.Bd3 Ke6 47.Rc5 Rb6 48.Rc7 Rb5 49.Rc5 Rb6 50.Ra5 Rc6
51.Re5+ Kf6 52.Rc5 Rb6 53.Rc7 Ne8 54.Kc5 Rd6 55.Rc6 Rxc6+ 56.Kxc6 Ke5 57.Kc5 Nf6
58.Kxb4 Ng4 59.f3 Nxh2 60.Be2 Kd6 61.g4 f5 62.Kc4 fxg4 63.fxg4 Kc6 64.Kd4 Kd6
65.b4 Kc6 66.Kc4 Kb6 67.b5 Kb7 68.Kc5 Kc7 69.b6+ Kb7 70.Kb5  1-0

[Event "Bundesliga 9293"]
[Site "Germany"]
[Date "1993.??.??"]
[Round "?"]
[White "Seul, Georg"]
[Black "Heyken, Enno"]
[Result "0-1"]
[WhiteElo "2415"]
[BlackElo "2375"]

1.Nf3 d5 2.g3 g6 3.Bg2 Bg7 4.O-O e5 5.d3 Ne7 6.c4 dxc4 7.Qa4+ Nbc6 8.Qxc4 O-O
9.Nc3 Nd4 10.Nxd4 exd4 11.Ne4 Be6 12.Qb5 b6 13.Bg5 f6 14.Bc1 a6 15.Qa4 c5
16.Nd2 Ra7 17.Nf3 Re8 18.Bd2 Nd5 19.b4 Bf7 20.bxc5 bxc5 21.Ba5 Qd7 22.Qxd7 Rxd7
23.Rfc1 Bf8 24.Kf1 Rb7 25.Nd2 Rb2 26.Bf3 Bh6 27.Rd1 Nc3 28.Bxc3 dxc3 29.Ne4 Rxe4
30.Bxe4 c2 31.Re1 Bd2 32.d4 Bxe1 33.Kxe1 f5 34.Bxc2 Rxc2 35.dxc5 Rxc5 36.a3  0-1

[Event "Bundesliga 9293"]
[Site "Germany"]
[Date "1993.??.??"]
[Round "?"]
[White "Smejkal, Jan"]
[Black "Hermann, Manfred"]
[Result "1-0"]
[WhiteElo "2525"]
[BlackElo "2415"]

1.Nf3 d5 2.g3 c6 3.Bg2 Nf6 4.O-O Bf5 5.d3 e6 6.Nbd2 Be7 7.Qe1 h6 8.b3 O-O
9.Bb2 a5 10.a3 Bh7 11.e4 Nfd7 12.Qe2 Bf6 13.e5 Be7 14.Ne1 Qb6 15.Kh1 a4 16.f4 axb3
17.Nxb3 Ra4 18.g4 f5 19.exf6 Bxf6 20.Bxf6 Rxf6 21.d4 Qa6 22.Nd3 Bxd3 23.cxd3 Rxa3
24.g5 Rg6 25.h4 hxg5 26.h5 Rf6 27.fxg5 Rf8 28.Qxe6+ Kh8 29.Rae1 Rxb3 30.Rxf8+ Nxf8
31.Qf7 Qxd3 32.Qxf8+ Kh7 33.Qf4  1-0

[Event "Bundesliga 9293"]
[Site "Germany"]
[Date "1993.??.??"]
[Round "?"]
[White "Troyke, Christian"]
[Black "Ruf, Matthias"]
[Result "0-1"]
[WhiteElo "2340"]
[BlackElo "2425"]

1.g3 d5 2.Nf3 c6 3.Bg2 Nf6 4.O-O Bg4 5.b3 Nbd7 6.Bb2 e6 7.c4 Bd6 8.d3 O-O
9.Nbd2 Qe7 10.a3 a5 11.h3 Bxf3 12.Nxf3 e5 13.e4 dxe4 14.dxe4 Nc5 15.b4 Na6
16.c5 Bc7 17.Qb3 Rfd8 18.Rfe1 Nd7 19.Bf1 b5 20.Bc3 Nf8 21.Qb2 Re8 22.Rad1 Nb8
23.h4 Nbd7 24.Bh3 Nf6 25.Rd3 Ra7 26.Qe2 axb4 27.axb4 Rea8 28.Red1 Ra3 29.Nh2 h6
30.Ng4 N8h7 31.Ne3 g6 32.Bg2 Qe6 33.h5 Nxh5 34.Nf5 N7f6 35.Nd6 Ra2 36.R1d2 Ng7
37.Rxa2 Rxa2 38.Qf3 Nge8 39.Qe3 Ng4 40.Qc1 Nxf2 41.Rd2 Rxd2 42.Bxd2 Ng4 43.Nxe8 Qxe8
44.Bxh6 Qd8 45.Be3 Qd3 46.Bf2 Nxf2 47.Kxf2 Qd4+ 48.Kf3 Qxb4 49.Bh3 Qd4 50.Qa3 b4
51.Qa8+ Bd8 52.Qxc6 b3 53.Qb7 b2 54.Qb3 Ba5 55.Bf1 Be1 56.Bc4 b1=Q  0-1

[Event "Bundesliga 9293"]
[Site "Germany"]
[Date "1993.??.??"]
[Round "?"]
[White "Urban, Julian"]
[Black "Enders, Peter"]
[Result "1-0"]
[WhiteElo "2400"]
[BlackElo "2490"]

1.Nf3 d5 2.g3 Nf6 3.Bg2 c6 4.d3 g6 5.Nbd2 Bg7 6.e4 dxe4 7.dxe4 O-O 8.O-O Na6
9.Qe2 h6 10.Nb3 Nh7 11.e5 Qc7 12.Re1 c5 13.Bf4 Be6 14.c3 Rad8 15.h4 Qb6 16.Qe3 h5
17.Nfd2 Rd7 18.Bf1 Rc8 19.Rad1 Nf8 20.Nc4 Qd8 21.Rxd7 Qxd7 22.Na3 Qc7 23.Bg5 Nb8
24.Nb5 Qb6 25.Bxe7 Nbd7 26.Nd6 Rb8 27.f4 a5 28.Nc4 Bxc4 29.Bxc4 a4 30.Nxc5 Nxc5
31.Qxc5 Qxc5+ 32.Bxc5 Rc8 33.Bxf8 Bxf8 34.Re4 a3 35.bxa3 Kg7 36.a4 Ba3 37.Kg2 Bb2
38.Bd5 Bxc3 39.Bxb7 Rb8 40.Bd5 Rb4 41.Re3 Bd4 42.Rd3 f6 43.e6 Kf8 44.Bb3 Bb6
45.Rd7 g5 46.hxg5 fxg5 47.f5 Re4 48.f6 Re2+ 49.Kh3 Rf2 50.e7+ Ke8 51.f7+  1-0

[Event "Bundesliga 9293"]
[Site "Germany"]
[Date "1993.??.??"]
[Round "?"]
[White "Urban, Julian"]
[Black "Kraut, Rainer"]
[Result "1/2-1/2"]
[WhiteElo "2390"]
[BlackElo "2425"]

1.Nf3 d5 2.g3 Bg4 3.Bg2 Nd7 4.d4 e6 5.O-O Ngf6 6.Nbd2 Be7 7.Re1 O-O 8.e4 c6
9.c3 Qb6 10.exd5 cxd5 11.Qb3 Rfc8 12.Qxb6 Nxb6 13.Ne5 Rc7 14.Nf1 Rd8 15.Ne3 Bh5
16.g4 Bg6 17.h4 Nc4 18.h5 Nxe3 19.Bxe3 Be4 20.f3 Bc2 21.Rac1 Ba4 22.Bf1 Nd7
23.Bf4 Nxe5 24.Bxe5 Rcc8 25.Bd3 a6 26.Bf4 Bb5 27.Bxb5 axb5 28.a3 Bd6 29.Bxd6 Rxd6
30.g5 Kf8 31.Rc2 Ke7 32.Kf2 Rd7 33.Ke3 Kd6 34.Rg2 g6 35.f4 Rdc7 36.Rh1 Re7
37.Rgh2 Rcc7 38.Kd3 Kc6 39.Re2 Kd6 40.Rh3 Kc6 41.Kc2 Rc8 42.Rhe3 Rcc7 43.hxg6 hxg6
44.Rh3 Re8 45.Reh2 Rcc8 46.Rh7 Rf8 47.Rg7 Rc7 48.Rhh7 Kb6 49.Kb3 Kc6 50.Rh1 Kb6
51.Rgh7 Rcc8 52.Ra1 Rc7 53.Re1 Kc6 54.Reh1 Rcc8 55.a4 bxa4+ 56.Kxa4 Ra8+
57.Kb3 b5 58.Rg7 Ra7 59.Rhh7 Kb6 60.Rh6 Rc7 61.Rhh7 Ra7 62.Rh1 Kc6 63.Rgh7 Raa8
64.Re1 Kd6 65.Rhh1 Kc6 66.Ra1 Kb6 67.Kb4 Rfc8 68.b3 Rd8 69.Rxa8 Rxa8 70.Rh7 Rf8
71.Ka3 Kc6 72.Rh2 Kb6 73.Rh1 Kc6 74.Kb2 Ra8 75.Rh7 Rf8 76.Kc2 Kd6 77.Kd3 Kc6  1/2-1/2

[Event "Bundesliga 9293"]
[Site "Germany"]
[Date "1993.??.??"]
[Round "?"]
[White "Vaganian, Rafael A"]
[Black "Fahnenschmidt, Gerhard"]
[Result "1/2-1/2"]
[WhiteElo "2615"]
[BlackElo "2370"]

1.Nf3 d5 2.g3 c6 3.Bg2 Bg4 4.d3 Nf6 5.O-O Nbd7 6.Nbd2 e5 7.e4 dxe4 8.dxe4 Bc5
9.a4 a5 10.h3 Bh5 11.Qe1 O-O 12.Nc4 Qc7 13.Bd2 b6 14.Nh4 Rfe8 15.Nf5 Bg6
16.Rd1 Bxf5 17.exf5 Nd5 18.Ne3 N7f6 19.Nxd5 Nxd5 20.Qe4 Rac8 21.Qc4 e4 22.Bxe4 Qxg3+
23.Bg2 Qe5 24.c3 Qxf5 25.b4 Bd6 26.b5 Ne7 27.Rfe1 cxb5 28.Qxb5 Bc5 29.Be3 Ng6
30.Bxc5 Rxe1+ 31.Rxe1 Qxc5 32.Qxc5  1/2-1/2

[Event "Oberliga Nord O9293"]
[Site "Germany"]
[Date "1993.??.??"]
[Round "?"]
[White "Kern, Johannes"]
[Black "Tyrtania, Maximilian"]
[Result "1/2-1/2"]
[WhiteElo "2275"]
[BlackElo "2250"]

1.Nf3 d5 2.g3 Nc6 3.d4 Bf5 4.Bg2 e6 5.O-O Nf6 6.c4 Be7 7.Nc3 Ne4 8.Qa4 O-O
9.Be3 Nb4 10.Ne1 Nxc3 11.bxc3 Nc6 12.cxd5 exd5 13.Qb5 Be6 14.Qxb7 Na5 15.Qa6 Nc4
16.Bc1 Qd7 17.e4 dxe4 18.Bxe4 Bd5 19.Bxd5 Qxd5 20.Nc2 Nd6 21.Qd3 f5 22.Bf4 g5
23.Rfe1 gxf4 24.Rxe7 Ne4 25.c4 Qd6 26.Re5 fxg3 27.fxg3 c5 28.Rf1 Qg6 29.d5 Rab8
30.Ne1 Rb2 31.Ng2 Rxa2 32.Nh4 Qb6 33.Rb1 Rb2 34.Rf1 Rd2 35.Qb1 Rb2 36.Qd3 Rd2
37.Qb1 Rb2  1/2-1/2